00645cas a22002057ar450000500170000000800410001701000100005801100100006802200140007803500110009224500770010326000660018030000070024631000140025332100150026736200170028265000570029978500500035686600330040620220329143032.0001017d us br pernn 0 b1eng d a90988 a91960 a0022-1163 a10252300aJournal of Food Technologyc/by Institute of Food Science and Technology0 aOsney Mead, Oxford:bBlackwell Scientific Publicationsc1966. av. aBimestral aTrimestral av.21n.6,198614aAlimentosxTecnologíaxPublicaciones periódicas. tInternational Journal Food Science Technology av.8 n.1-v.21 n.6 (1973-1986)